000 00476nam a22001817a 4500
003 OSt
008 260430b |||||||| |||| 00| 0 eng d
082 _a634.772
_bA79I
100 _aKumar, Arun
245 _aIrrigation and Fertilizer Management of Basrai Banana in Calcareous Belt of North Bihar
260 _aPusa, Samastipur
_bRAU
_c2001
300 _a72P.
502 _bMsc.
_d2001
650 _aPomology
650 _aHorticulture
650 _aMsc.
942 _2ddc
_cT
999 _c50328
_d50328